Psicología pedagógica: técnica-práctica

Bewaard in:
Bibliografische gegevens
Hoofdauteur: Villaverde, Aníbal (Auteur)
Formaat: Boek
Taal:Spaans
Gepubliceerd in: Buenos Aires Humanitas 1958
Onderwerpen:
Tags: Voeg label toe
Geen labels, Wees de eerste die dit record labelt!

MARC

LEADER 00000nam a2200000 a 4500
001 UCY1438
003 CL-VaPUC
008 940902e19580000AG |||||||||||||||||spa|d
082 0 4 |a 370.15  |b VIL  |2 21 
100 0 |a Villaverde, Aníbal  |e author  |9 329417 
245 1 0 |a Psicología pedagógica: técnica-práctica 
300 |a 437 p 
942 |c BK 
945 |d 19940902 00:00:00  |a rbrito 
260 |a Buenos Aires  |b Humanitas  |c 1958 
650 0 |a Psicología del aprendizaje  |9 306854 
583 |a last modification  |c 19940902 00:00:00  |k Rodrigo Vera 
999 |c 230140  |d 230138 
952 |0 0  |1 0  |4 0  |6 370_150000000000000_VIL_1958  |7 0  |8 P  |9 232169  |a BIBEDU  |b BIBEDU  |c BIBEDU_PB  |d 2019-11-15  |i 3014274  |o 370.15 VIL 1958  |p 3014274  |r 2024-01-25  |w 2019-11-15  |y BK  |k EDU